[Event "2BLN 2223 SK Norderstedt - FC St. Pauli"]
[Site "?"]
[Date "2022.10.22"]
[Round "1.1"]
[White "Socko, Bartosz"]
[Black "Ostrovskiy, Andrey"]
[Result "1-0"]
[WhiteElo "2627"]
[BlackElo "2418"]
[PlyCount "137"]
[EventDate "2022.??.??"]

1. d4 Nf6 2. c4 e6 3. Nf3 b6 4. g3 c6 5. Bg2 Be7 6. O-O O-O 7. Nc3 d5 8. Ne5 Ba6 9. Qa4 Qe8 10. b3 b5 11. Qa5 Qd8 12. Qxd8 Rxd8 13. cxb5 cxb5 14. a4 bxa4 15. Rxa4 Bb7 16. Ba3 Bxa3 17. Rxa3 Nc6 18. Nxc6 Bxc6 19. e3 Rab8 20. Rc1 Rb7 21. Bf3 g5 22. Bd1 Be8 23. Raa1 Kg7 24. Nb1 Ne4 25. Bf3 Nd6 26. Nd2 Bb5 27. Rc5 h6 28. Nc4 Ne4 29. Bxe4 dxe4 30. Re5 Rdd7 31. h4 gxh4 32. gxh4 Bc6 33. Na5 Rb6 34. Nxc6 Rxc6 35. Rxe4 Rb6 36. Ra3 Rdb7 37. Re5 Rxb3 38. Rxb3 Rxb3 39. Ra5 Rb7 40. Kg2 Kf6 41. Kg3 Rc7 42. Kf4 Rb7 43. Ra6 Rd7 44. Ke4 Kg6 45. Ra5 Rb7 46. f4 Kf6 47. f5 Rb1 48. fxe6 fxe6 49. Ra6 Rh1 50. Kd3 Rxh4 51. e4 Rh3+ 52. Kc4 Re3 53. e5+ Kf5 54. Rxa7 Re1 55. Kc5 Rd1 56. Rh7 Kg6 57. Re7 Kf5 58. Re8 h5 59. Rh8 Kg5 60. Rg8+ Kf5 61. Rf8+ Ke4 62. Kd6 Rxd4+ 63. Kxe6 Rd1 64. Rf2 Rh1 65. Kf6 Ke3 66. Rf5 h4 67. e6 Kd4 68. e7 Re1 69. Kf7 1-0

[Event "2BLN 2223 SK Norderstedt - FC St. Pauli"]
[Site "?"]
[Date "2022.10.22"]
[Round "1.2"]
[White "Kopylov, Michael"]
[Black "Janik, Igor"]
[Result "1/2-1/2"]
[WhiteElo "2371"]
[BlackElo "2542"]
[PlyCount "86"]
[EventDate "2022.??.??"]

1. d4 g6 2. Nf3 Bg7 3. c4 c5 4. d5 f5 5. g3 d6 6. Bg2 Nh6 7. O-O Nf7 8. Qc2 O-O 9. Nc3 Nd7 10. Re1 Nf6 11. e4 fxe4 12. Nxe4 Bf5 13. Nh4 Bxe4 14. Bxe4 Nxe4 15. Qxe4 Bf6 16. Ng2 Qd7 17. a4 a6 18. a5 Rab8 19. h4 b6 20. axb6 Rxb6 21. Nf4 Qg4 22. Qe6 Qxe6 23. dxe6 Ne5 24. Nd5 Nf3+ 25. Kf1 Rb7 26. Re3 Bd4 27. Re2 Be5 28. Bh6 Ra8 29. Ra2 Raa7 30. Be3 Nd4 31. Bxd4 Bxd4 32. Ke1 a5 33. Kd1 Rb3 34. Kc2 a4 35. Kc1 h5 36. Kc2 Kg7 37. Kc1 Rab7 38. Rxa4 Bxb2+ 39. Kd2 Bd4 40. Ra2 Rf3 41. Ke1 Rb1+ 42. Kd2 Bf6 43. Ra7 Rb8 1/2-1/2

[Event "2BLN 2223 SK Norderstedt - FC St. Pauli"]
[Site "?"]
[Date "2022.10.22"]
[Round "1.3"]
[White "Feuerstack, Aljoscha"]
[Black "Petrosian, Suren"]
[Result "1-0"]
[WhiteElo "2464"]
[BlackElo "2352"]
[PlyCount "167"]
[EventDate "2022.??.??"]

1. d4 Nf6 2. c4 g6 3. g3 c5 4. dxc5 Na6 5. Nc3 Bg7 6. Bg2 O-O 7. Nh3 Nxc5 8. O-O d6 9. Nf4 a5 10. Be3 a4 11. Bxc5 dxc5 12. Qxd8 Rxd8 13. Rad1 Be6 14. Bxb7 Rxd1 15. Rxd1 Rb8 16. Nxe6 fxe6 17. Bf3 Rb4 18. a3 Rxc4 19. e3 Kf7 20. Kf1 Ne8 21. Rc1 Nd6 22. Be2 Bxc3 23. bxc3 Re4 24. Bd3 Re5 25. c4 Rh5 26. Kg2 e5 27. Bc2 Ke6 28. Bxa4 Rf5 29. Bc6 Rf8 30. a4 Rc8 31. Bd5+ Kd7 32. a5 e6 33. Bf3 e4 34. Be2 Kc7 35. Ra1 Rb8 36. g4 g5 37. h4 Rb2 38. a6 Kb8 39. a7+ Ka8 40. Bf1 gxh4 41. Ra6 Rd2 42. Rc6 Rd1 43. Be2 Rd2 44. Bf1 Rd1 45. g5 Nf5 46. Rc8+ Kxa7 47. Rc7+ Kb6 48. Rxh7 Rd2 49. g6 Rd8 50. Rf7 Kc6 51. Kh3 Kd6 52. Bg2 Ke5 53. Rc7 Kf6 54. Bxe4 Kxg6 55. Rxc5 Rd2 56. f4 Re2 57. Bxf5+ exf5 58. Re5 Rc2 59. c5 Kf6 60. Kxh4 Rg2 61. Re8 Kf7 62. Re5 Kf6 63. Re8 Kf7 64. Rc8 Ke7 65. c6 Kd6 66. c7 Kd7 67. Rf8 Kxc7 68. Rxf5 Kd6 69. Re5 Rg1 70. Kh5 Rg3 71. e4 Rg1 72. Ra5 Ke6 73. Ra6+ Kf7 74. Ra7+ Kf6 75. Ra6+ Kf7 76. Kh4 Re1 77. Ra4 Rg1 78. Rb4 Kf6 79. Rb6+ Kf7 80. e5 Ke7 81. f5 Rh1+ 82. Kg5 Rg1+ 83. Kh6 Re1 84. Kg7 1-0

[Event "2BLN 2223 SK Norderstedt - FC St. Pauli"]
[Site "?"]
[Date "2022.10.22"]
[Round "1.4"]
[White "Michna, Christian"]
[Black "Socko, Monika"]
[Result "0-1"]
[WhiteElo "2203"]
[BlackElo "2454"]
[PlyCount "56"]
[EventDate "2022.??.??"]

1. d4 Nf6 2. Nc3 d5 3. Bf4 e6 4. e3 Bd6 5. Nf3 Bxf4 6. exf4 b6 7. Bd3 O-O 8. O-O c5 9. Ne5 Ba6 10. Re1 Qc8 11. Bxa6 Nxa6 12. Re3 cxd4 13. Qxd4 Qc5 14. Ne2 Nb4 15. Rc3 Qb5 16. Qd1 Ne4 17. Rb3 Qc5 18. Nd4 Nxc2 19. Nxc2 Qxf2+ 20. Kh1 Rac8 21. Nb4 Qxf4 22. Nbd3 Qh6 23. a4 Rc7 24. Qe1 Rfc8 25. Rd1 Rc2 26. Ng4 Qh5 27. Ne3 Re2 28. Qb4 Rxe3 0-1

[Event "2BLN 2223 SK Norderstedt - FC St. Pauli"]
[Site "?"]
[Date "2022.10.22"]
[Round "1.5"]
[White "Krause, Benedict"]
[Black "Hagenstein, Frank"]
[Result "1/2-1/2"]
[WhiteElo "2413"]
[BlackElo "2237"]
[PlyCount "102"]
[EventDate "2022.??.??"]

1. e4 Nf6 2. e5 Nd5 3. d4 d6 4. c4 Nb6 5. f4 dxe5 6. fxe5 Bf5 7. Nc3 e6 8. Nf3 Bb4 9. Be3 c5 10. Be2 Nc6 11. O-O cxd4 12. Nxd4 Nxd4 13. Bxd4 O-O 14. Nb5 Rc8 15. Nxa7 Bc5 16. Nb5 Nxc4 17. Bxc4 Bxd4+ 18. Qxd4 Qxd4+ 19. Nxd4 Rxc4 20. Nxf5 exf5 21. Rxf5 Re4 22. Rd1 g6 23. Rf3 Rxe5 24. Rd7 Rb5 25. b3 f5 26. Rc3 Rf7 27. Rxf7 Kxf7 28. Rc7+ Kg8 29. h4 h6 30. Kf2 Rb6 31. Kf3 Rb4 32. g3 Kf8 33. Rh7 Kg8 34. Rc7 Kf8 35. h5 gxh5 36. Rh7 Rb6 37. Kf4 Ra6 38. Rxb7 Rxa2 39. Kxf5 Rg2 40. Kf4 h4 41. gxh4 h5 42. Rd7 Rg4+ 43. Kf5 Rxh4 44. Kg5 Rb4 45. Rd3 h4 46. Rh3 Ke7 47. Rxh4 Rxh4 48. Kxh4 Kd6 49. b4 Kd5 50. b5 Kc5 51. b6 Kxb6 1/2-1/2

[Event "2BLN 2223 SK Norderstedt - FC St. Pauli"]
[Site "?"]
[Date "2022.10.22"]
[Round "1.6"]
[White "Joecks, Christian"]
[Black "Krause, Jonah"]
[Result "0-1"]
[WhiteElo "2371"]
[BlackElo "2374"]
[PlyCount "64"]
[EventDate "2022.??.??"]

1. e4 c5 2. Nf3 e6 3. d4 cxd4 4. Nxd4 Nc6 5. Nxc6 bxc6 6. c4 Nf6 7. Nc3 e5 8. Be3 Bb4 9. Bd3 O-O 10. O-O d5 11. cxd5 Bxc3 12. bxc3 cxd5 13. exd5 Qxd5 14. Qe2 Bb7 15. f3 e4 16. fxe4 Nxe4 17. Bxe4 Qxe4 18. Rf4 Qe5 19. Qf2 Qxc3 20. Bd4 Qc6 21. Qb2 f6 22. Rc1 Qd7 23. h3 Rac8 24. Rcf1 a6 25. Rg4 Rc4 26. Rff4 Rf7 27. Qf2 Qc7 28. Qe3 Re7 29. Qg3 h5 30. Rg6 Rc1+ 31. Kh2 Ree1 32. Qf2 Be4 0-1

[Event "2BLN 2223 SK Norderstedt - FC St. Pauli"]
[Site "?"]
[Date "2022.10.22"]
[Round "1.7"]
[White "Ertan, Can"]
[Black "Hovhannisyan, Artur"]
[Result "0-1"]
[WhiteElo "2372"]
[BlackElo "2169"]
[PlyCount "186"]
[EventDate "2022.??.??"]

1. e4 c5 2. Nf3 Nc6 3. d4 cxd4 4. Nxd4 Qb6 5. Nb3 Nf6 6. Nc3 e6 7. Bd3 a6 8. O-O d6 9. a4 Be7 10. a5 Qc7 11. Be3 Bd7 12. Na4 Ne5 13. Bb6 Qc8 14. Bd4 Bxa4 15. Rxa4 O-O 16. Bxe5 dxe5 17. Nd2 Nd7 18. Qe2 Rd8 19. Rc4 Qb8 20. Qe3 Qd6 21. Rd1 b5 22. axb6 Nxb6 23. Rc3 Na4 24. Rb3 Rab8 25. Nc4 Qc7 26. Rxb8 Rxb8 27. b3 Nb6 28. Nxb6 Rxb6 29. Ra1 Bc5 30. Qc1 Bd4 31. Ra4 a5 32. Qe1 Bc3 33. Qe3 Rb4 34. Ra2 Rd4 35. g3 h6 36. Bc4 Rd1+ 37. Kg2 Bb4 38. c3 Bc5 39. Qe2 Qd6 40. h4 g6 41. h5 g5 42. Qf3 Kg7 43. Rxa5 Rd2 44. Be2 Qc7 45. Ra1 Qb7 46. Rd1 Rb2 47. b4 Bb6 48. Rd6 Qc7 49. Rd3 Qa7 50. Rd1 Ra2 51. Kf1 Rb2 52. g4 Ra2 53. Qg3 Qc7 54. c4 Rxe2 55. Kxe2 Qxc4+ 56. Qd3 Qxb4 57. Kf3 Bd4 58. Rb1 Qc5 59. Qe2 Qa7 60. Kg3 Qa3+ 61. Kg2 Qa7 62. Rb3 Qc7 63. Rf3 Qc1 64. Kg3 Qg1+ 65. Kh3 Qh1+ 66. Kg3 Qh4+ 67. Kg2 Qxg4+ 68. Kf1 Qxh5 69. Kg2 Qg4+ 70. Kf1 h5 71. Qd3 h4 72. Qe2 Qh5 73. Kg2 g4 74. Rb3 Qg5 75. Rd3 Qf4 76. Rd2 Kg6 77. Ra2 Kg5 78. Ra8 h3+ 79. Kh1 Qc1+ 80. Kh2 f5 81. Rg8+ Kf4 82. Rg6 Qb2 83. Qxb2 Bxb2 84. Rxe6 Kxe4 85. Kg3 Bc1 86. f3+ gxf3 87. Rc6 Be3 88. Kxh3 Kf4 89. Rc3 e4 90. Rb3 Bd2 91. Ra3 e3 92. Ra4+ Kg5 93. Kg3 e2 0-1

[Event "2BLN 2223 SK Norderstedt - FC St. Pauli"]
[Site "?"]
[Date "2022.10.22"]
[Round "1.8"]
[White "Parvanyan, Alfred"]
[Black "Sawatzki, Frank"]
[Result "0-1"]
[WhiteElo "2188"]
[BlackElo "2371"]
[PlyCount "70"]
[EventDate "2022.??.??"]

1. Nf3 c5 2. g3 Nc6 3. Bg2 g6 4. O-O Bg7 5. c4 d6 6. Nc3 Nf6 7. d3 O-O 8. Bg5 h6 9. Bd2 Rb8 10. Rb1 Bd7 11. a3 a6 12. b4 cxb4 13. axb4 b5 14. Nd5 Ne8 15. Qc1 Kh7 16. c5 dxc5 17. Qxc5 e6 18. Bf4 exd5 19. Bxb8 Qxb8 20. Qxd5 Nf6 21. Qa2 Qb6 22. Rfc1 Be6 23. Qa3 Nd5 24. e3 Ndxb4 25. Rxb4 Nxb4 26. Qxb4 a5 27. Qh4 Qd8 28. Rc5 Qxh4 29. gxh4 a4 30. Rxb5 a3 31. d4 a2 32. Ra5 Rb8 33. Bf1 Rb1 34. d5 Bh3 35. Nd2 a1=Q 0-1

[Event "2BLN 2223 SK Doppelbauer Turm Kiel II -"]
[Site "?"]
[Date "2022.10.22"]
[Round "1.1"]
[White "Souleidis, Georgios"]
[Black "Gumularz, Szymon"]
[Result "0-1"]
[WhiteElo "2410"]
[BlackElo "2546"]
[PlyCount "84"]
[EventDate "2022.??.??"]

1. e4 c6 2. d4 d5 3. exd5 cxd5 4. Nf3 Nf6 5. Ne5 Nc6 6. Bb5 Bd7 7. Nxd7 Qxd7 8. c3 a6 9. Bd3 e5 10. dxe5 Nxe5 11. O-O Bd6 12. Bc2 O-O 13. Nd2 Rfe8 14. Nf3 Nc4 15. Bg5 Ne4 16. b3 Na3 17. Bxe4 dxe4 18. Nd4 Qc7 19. Qh5 Nb5 20. Nf5 Be5 21. Qg4 Kh8 22. Be3 Nxc3 23. Rac1 Rac8 24. Rc2 g6 25. Nh6 f5 26. Qh4 Qg7 27. Rfc1 Rf8 28. Bg5 Rc6 29. Kh1 b5 30. b4 Rc4 31. Qh3 Rfc8 32. a3 Nd1 33. Rxd1 Rxc2 34. Qb3 R2c4 35. h4 Rf8 36. a4 Qc7 37. axb5 axb5 38. Rd5 Rc1+ 39. Bxc1 Qxc1+ 40. Qd1 Qxd1+ 41. Rxd1 Bg7 42. Rd8 Bxh6 0-1

[Event "2BLN 2223 SK Doppelbauer Turm Kiel II -"]
[Site "?"]
[Date "2022.10.22"]
[Round "1.2"]
[White "Hector, Jonny"]
[Black "Voigt, Roland"]
[Result "0-1"]
[WhiteElo "2454"]
[BlackElo "2439"]
[PlyCount "128"]
[EventDate "2022.??.??"]

1. e4 c5 2. Nf3 e6 3. d4 cxd4 4. Nxd4 a6 5. c4 Nf6 6. Nc3 Qc7 7. Be2 b6 8. O-O Bb7 9. Qd3 d6 10. f4 Nbd7 11. b4 Be7 12. Bd2 Rc8 13. Rae1 g6 14. Nc2 O-O 15. a3 b5 16. cxb5 Nxe4 17. bxa6 Nxc3 18. axb7 Nxe2+ 19. Qxe2 Qxb7 20. Qd3 Bf6 21. Kh1 d5 22. Ne3 Bg7 23. a4 Nf6 24. b5 Ra8 25. a5 Rfb8 26. Rb1 Ne4 27. Be1 Nd6 28. b6 Qc6 29. Rf2 Qa4 30. Rc2 h5 31. Rc7 Rxa5 32. Bxa5 Qxa5 33. Rc6 Ne4 34. Kg1 Bf8 35. b7 Rxb7 36. Rxb7 Qe1+ 37. Nf1 Qf2+ 38. Kh1 Nc5 39. Qb1 Nxb7 40. h3 Qxf4 41. Nh2 Nc5 42. Nf3 Ne4 43. Qb2 Bg7 44. Qb6 Bf6 45. Rc8+ Kg7 46. h4 Bxh4 47. Qb2+ Bf6 48. Qa3 Qd6 49. Qa8 Nf2+ 50. Kg1 Ng4 51. Kh1 Nh6 52. Qa4 g5 53. Qe8 Kg6 54. Rc6 Qe7 55. Qb8 g4 56. Ne5+ Kg7 57. Nd3 Qa3 58. Qb5 Nf5 59. Ra6 Qc3 60. Qb1 Ng3+ 61. Kh2 Ne4 62. Ra2 Qc7+ 63. Kh1 Ng3+ 64. Kh2 Bd4 0-1

[Event "2BLN 2223 SK Doppelbauer Turm Kiel II -"]
[Site "?"]
[Date "2022.10.22"]
[Round "1.3"]
[White "Van Delft, Merijn"]
[Black "Fromm, Marius"]
[Result "1-0"]
[WhiteElo "2363"]
[BlackElo "2425"]
[PlyCount "92"]
[EventDate "2022.??.??"]

1. e4 c5 2. Nf3 d6 3. d4 cxd4 4. Nxd4 Nf6 5. Nc3 a6 6. Bg5 e6 7. f4 Be7 8. Qf3 Qc7 9. O-O-O Nbd7 10. g4 b5 11. Bxf6 Nxf6 12. g5 Nd7 13. f5 O-O 14. Rg1 b4 15. Nce2 e5 16. f6 exd4 17. fxe7 Re8 18. Nxd4 Ne5 19. Qf4 Be6 20. Kb1 Rxe7 21. h4 a5 22. h5 a4 23. Rg3 Qc5 24. h6 Rc7 25. Qd2 Bc4 26. Bh3 Bxa2+ 27. Kxa2 Nc4 28. Qd3 b3+ 29. Kb1 bxc2+ 30. Nxc2 Nxb2 31. Kxb2 Rb8+ 32. Ka1 Qe5+ 33. Qd4 Rxc2 34. Qxe5 dxe5 35. Rgd3 gxh6 36. gxh6 Kf8 37. Rd8+ Rxd8 38. Rxd8+ Ke7 39. Rh8 Rh2 40. Bf5 Rxh6 41. Rxh7 Rd6 42. Ka2 Rd4 43. Ka3 Kf6 44. Rh5 Rc4 45. Rh6+ Kg5 46. Ra6 Kf4 1-0

[Event "2BLN 2223 SK Doppelbauer Turm Kiel II -"]
[Site "?"]
[Date "2022.10.22"]
[Round "1.4"]
[White "Arndt, Magnus"]
[Black "Colpe, Malte"]
[Result "1/2-1/2"]
[WhiteElo "2384"]
[BlackElo "2358"]
[PlyCount "65"]
[EventDate "2022.??.??"]

1. e4 c5 2. Nf3 a6 3. c3 d5 4. exd5 Qxd5 5. d4 e6 6. Bd3 Nf6 7. O-O Be7 8. c4 Qd8 9. dxc5 Nbd7 10. Bf4 Nxc5 11. Bc2 Qxd1 12. Rxd1 b5 13. Ne5 Bb7 14. Nc3 b4 15. Na4 O-O 16. Nxc5 Bxc5 17. Nd7 Nxd7 18. Rxd7 Bc6 19. Rc7 Rac8 20. Rd1 Rxc7 21. Bxc7 Rc8 22. Rd8+ Rxd8 23. Bxd8 f5 24. Kf1 Kf7 25. f3 g6 26. Bc7 Kf6 27. Ke2 e5 28. g3 Ke6 29. b3 h5 30. h4 Bd4 31. Ba5 Bc5 32. Bc7 Bd4 33. Ba5 1/2-1/2

[Event "2BLN 2223 SK Doppelbauer Turm Kiel II -"]
[Site "?"]
[Date "2022.10.22"]
[Round "1.5"]
[White "Bracker, Arne"]
[Black "Kopylov, Daniel"]
[Result "1-0"]
[WhiteElo "2294"]
[BlackElo "2320"]
[PlyCount "85"]
[EventDate "2022.??.??"]

1. e4 c5 2. Nf3 Nc6 3. Bb5 d6 4. O-O Bd7 5. Re1 Nf6 6. c3 a6 7. Bf1 Bg4 8. d4 cxd4 9. cxd4 d5 10. exd5 Nxd5 11. Nc3 e6 12. Qb3 Bxf3 13. gxf3 Be7 14. Nxd5 Qxd5 15. Bc4 Qd7 16. d5 exd5 17. Bxd5 O-O 18. Bf4 Bf6 19. Rad1 Nd4 20. Qxb7 Rad8 21. Qxd7 Rxd7 22. Bc4 Rb7 23. Kg2 Rxb2 24. Bd6 Rc8 25. Bxa6 Rd8 26. Bc7 Ra8 27. Bc4 Ne6 28. Bg3 h5 29. h4 Rb4 30. Re4 Nc5 31. Bxf7+ Kxf7 32. Rxb4 Rxa2 33. Rd5 Rc2 34. Rb5 Ne6 35. Rxh5 Rc4 36. Rh8 Nd4 37. Rb7+ Ke6 38. Re8+ Kf5 39. Re4 Rc3 40. Rd7 Nxf3 41. Rf4+ Ke6 42. Rd6+ Kxd6 43. Rxf6+ 1-0

[Event "2BLN 2223 SK Doppelbauer Turm Kiel II -"]
[Site "?"]
[Date "2022.10.22"]
[Round "1.6"]
[White "Farokhi, Keyvan"]
[Black "Woelk, Tom-Frederic"]
[Result "1/2-1/2"]
[WhiteElo "2212"]
[BlackElo "2289"]
[PlyCount "89"]
[EventDate "2022.??.??"]

1. d4 d5 2. c4 e6 3. Nf3 Nf6 4. g3 dxc4 5. Bg2 a6 6. O-O Nc6 7. Qc2 Nb4 8. Qxc4 b5 9. Qb3 Bb7 10. Nc3 c5 11. dxc5 Bxc5 12. a4 bxa4 13. Rxa4 a5 14. Ne5 Bxg2 15. Kxg2 O-O 16. Bg5 Ra7 17. Rd1 Qa8+ 18. f3 Nfd5 19. Nxd5 Nxd5 20. Bd2 Rb8 21. Qc2 Bb4 22. e4 Rc7 23. Qd3 Nb6 24. Raa1 Rd8 25. Qe3 Nc4 26. Nxc4 Rxc4 27. Qb3 Rxe4 28. fxe4 Qxe4+ 29. Qf3 Qc2 30. Qe2 h6 31. Rac1 Qxb2 32. Rb1 Qxb1 33. Rxb1 Rxd2 34. Qxd2 Bxd2 35. Rb7 h5 36. Kf3 g6 37. h3 Kg7 38. g4 Kf6 39. Ke4 hxg4 40. hxg4 Bb4 41. Ra7 g5 42. Ra8 Kg7 43. Ra7 Kg6 44. Ra6 Kg7 45. Ra7 1/2-1/2

[Event "2BLN 2223 SK Doppelbauer Turm Kiel II -"]
[Site "?"]
[Date "2022.10.22"]
[Round "1.7"]
[White "Hommer, Jeremy"]
[Black "Hourigan, Gerrit"]
[Result "1-0"]
[WhiteElo "2184"]
[BlackElo "2306"]
[PlyCount "55"]
[EventDate "2022.??.??"]

1. e4 c5 2. Nf3 d6 3. Bb5+ Nd7 4. O-O a6 5. Bd3 Ngf6 6. Re1 e6 7. c3 b5 8. Bc2 c4 9. d4 cxd3 10. Qxd3 Bb7 11. a4 Nc5 12. Qe2 bxa4 13. Be3 Nfd7 14. Bxc5 Nxc5 15. Rxa4 Be7 16. Rd4 Qc7 17. e5 d5 18. Nbd2 O-O 19. h4 a5 20. Ng5 g6 21. Rg4 Rab8 22. Nxh7 Ne4 23. Nxf8 Bxf8 24. Nxe4 dxe4 25. Bxe4 Qxe5 26. Bxb7 Qxe2 27. Rxe2 Rxb7 28. h5 1-0

[Event "2BLN 2223 SK Doppelbauer Turm Kiel II -"]
[Site "?"]
[Date "2022.10.22"]
[Round "1.8"]
[White "Ermitsch, Magnus"]
[Black "Garner, Isaac"]
[Result "0-1"]
[WhiteElo "2277"]
[BlackElo "2216"]
[PlyCount "76"]
[EventDate "2022.??.??"]

1. e4 e5 2. Nf3 Nc6 3. Bb5 a6 4. Ba4 Nf6 5. O-O Be7 6. d3 b5 7. Bb3 O-O 8. a4 Bb7 9. Nc3 Na5 10. Bd5 c6 11. Ba2 b4 12. Ne2 Qc7 13. Ng3 d5 14. Bd2 dxe4 15. dxe4 c5 16. Qe1 Bc6 17. c3 b3 18. c4 Nxc4 19. Bxb3 Nxd2 20. Nxd2 Rfd8 21. Nf5 Bf8 22. Qe3 Qb7 23. Rad1 Rab8 24. Qg5 Kh8 25. Nh6 Be8 26. Qxe5 Rxd2 27. Rxd2 Qxb3 28. Rfd1 Rb6 29. Nf5 Re6 30. Qc7 Nxe4 31. Rd8 Nd6 32. Rf1 Nxf5 33. Qc8 Qxa4 34. b3 Qb5 35. h4 Nd4 36. Ra1 Kg8 37. h5 Ne2+ 38. Kh2 c4 0-1

[Event "2BLN 2223 SV Glückauf Rüdersdorf - SK"]
[Site "?"]
[Date "2022.10.22"]
[Round "1.1"]
[White "Sawlin, Leonid"]
[Black "Heberla, Bartlomiej"]
[Result "0-1"]
[WhiteElo "2405"]
[BlackElo "2559"]
[PlyCount "60"]
[EventDate "2022.??.??"]

1. e4 e5 2. Nf3 Nc6 3. Bc4 Nf6 4. d3 Bc5 5. O-O O-O 6. h3 d5 7. exd5 Nxd5 8. Re1 Be6 9. Ng5 h6 10. Nxe6 fxe6 11. Be3 Nxe3 12. fxe3 Qh4 13. Qd2 e4 14. Nc3 exd3 15. cxd3 Bd6 16. Ne4 Bb4 17. Qe2 Bxe1 18. Bxe6+ Kh8 19. Rxe1 Ne5 20. Rd1 Rae8 21. Bd5 c6 22. Bb3 Nd7 23. Nd6 Re7 24. Rf1 Rxf1+ 25. Qxf1 Qb4 26. Nf5 Re8 27. Nxg7 Rxe3 28. Qf2 Re1+ 29. Kh2 Qd6+ 30. g3 Qe5 0-1

[Event "2BLN 2223 SV Glückauf Rüdersdorf - SK"]
[Site "?"]
[Date "2022.10.22"]
[Round "1.2"]
[White "Klimkowski, Jan"]
[Black "Baskin, Robert"]
[Result "1/2-1/2"]
[WhiteElo "2441"]
[BlackElo "2432"]
[PlyCount "80"]
[EventDate "2022.??.??"]

1. e4 c5 2. Nf3 d6 3. d4 cxd4 4. Nxd4 Nf6 5. Nc3 Nc6 6. Bg5 Bd7 7. Qd2 a6 8. O-O-O e6 9. f4 Be7 10. Kb1 b5 11. Bxf6 Bxf6 12. Nce2 Qb6 13. Nb3 Be7 14. g4 a5 15. Nbd4 b4 16. Bg2 Nxd4 17. Nxd4 a4 18. e5 d5 19. f5 a3 20. b3 O-O-O 21. Rhf1 h6 22. fxe6 fxe6 23. Rf7 Bg5 24. Qd3 Rhf8 25. Rxg7 Rf2 26. Bf1 Rdf8 27. Nf5 Kd8 28. Nd6 Qc6 29. Be2 Be7 30. Re1 Bxd6 31. exd6 Qxd6 32. Bd1 Rxh2 33. Qd4 Rhf2 34. Rh7 R2f6 35. Qa7 R8f7 36. Rh8+ Ke7 37. Qa5 Rf8 38. Rh7+ R8f7 39. Rh8 Rf8 40. Rh7+ R8f7 1/2-1/2

[Event "2BLN 2223 SV Glückauf Rüdersdorf - SK"]
[Site "?"]
[Date "2022.10.22"]
[Round "1.3"]
[White "Tazbir, Marcin"]
[Black "Kanarek, Marcel"]
[Result "1/2-1/2"]
[WhiteElo "2511"]
[BlackElo "2488"]
[PlyCount "33"]
[EventDate "2022.??.??"]

1. c4 Nf6 2. g3 c6 3. Bg2 d5 4. Qc2 e5 5. d3 h6 6. Nf3 Bd6 7. O-O O-O 8. Nc3 d4 9. Na4 c5 10. a3 Nc6 11. Rb1 Rb8 12. Nd2 Qc7 13. b4 b6 14. b5 Nd8 15. Ne4 Qe7 16. Nxf6+ Qxf6 17. e4 1/2-1/2

[Event "2BLN 2223 SV Glückauf Rüdersdorf - SK"]
[Site "?"]
[Date "2022.10.22"]
[Round "1.4"]
[White "Leniart, Arkadiusz"]
[Black "Brodowski, Piotr"]
[Result "1-0"]
[WhiteElo "2495"]
[BlackElo "2461"]
[PlyCount "67"]
[EventDate "2022.??.??"]

1. d4 Nf6 2. c4 c5 3. d5 g6 4. Nc3 d6 5. e4 Bg7 6. Bd3 O-O 7. h3 e6 8. Nf3 Nbd7 9. O-O e5 10. Bg5 h6 11. Be3 Nh7 12. g4 Ndf6 13. Kh2 Kh8 14. Rg1 h5 15. g5 Ng8 16. Nh4 Ne7 17. Rg3 Bd7 18. Qe2 Be8 19. Nf5 gxf5 20. exf5 e4 21. Bxe4 Be5 22. f4 Bxc3 23. bxc3 Qc8 24. f6 Nf5 25. Qxh5 Rg8 26. Re1 Rg6 27. Rg2 Bd7 28. Rge2 Qg8 29. Bf2 Rd8 30. h4 Qf8 31. Bd3 a6 32. Re7 Bc8 33. Rc7 Re8 34. Rxc8 1-0

[Event "2BLN 2223 SV Glückauf Rüdersdorf - SK"]
[Site "?"]
[Date "2022.10.22"]
[Round "1.5"]
[White "Stachowiak, Kamil"]
[Black "Sieciechowicz, Marcin"]
[Result "1/2-1/2"]
[WhiteElo "2466"]
[BlackElo "2401"]
[PlyCount "54"]
[EventDate "2022.??.??"]

1. Nf3 Nf6 2. c4 c6 3. b3 d5 4. Bb2 Bf5 5. g3 e6 6. Bg2 h6 7. O-O Be7 8. d3 O-O 9. Nbd2 Nbd7 10. a3 a5 11. Ra2 Bh7 12. Qa1 Ne8 13. Rc1 Bf6 14. d4 Nd6 15. Ne5 Be7 16. a4 Nb8 17. Bc3 Na6 18. Re1 Ne8 19. c5 Nf6 20. e3 Qc7 21. Bf1 b6 22. cxb6 Qxb6 23. Rc1 Rfc8 24. Bd3 Bxd3 25. Nxd3 Rc7 26. Rac2 Rac8 27. Qb2 Qb7 1/2-1/2

[Event "2BLN 2223 SV Glückauf Rüdersdorf - SK"]
[Site "?"]
[Date "2022.10.22"]
[Round "1.6"]
[White "Maciejczak, Jakub"]
[Black "Luch, Michal"]
[Result "1/2-1/2"]
[WhiteElo "2359"]
[BlackElo "2371"]
[PlyCount "43"]
[EventDate "2022.??.??"]

1. e4 c5 2. Nc3 a6 3. a4 Nc6 4. g3 g6 5. Bg2 Bg7 6. d3 d6 7. f4 Rb8 8. Nf3 Nf6 9. O-O O-O 10. h3 b5 11. axb5 axb5 12. Be3 b4 13. Ne2 Bb7 14. Nd2 Nd7 15. c3 Ra8 16. Qc2 bxc3 17. Rxa8 Qxa8 18. bxc3 Qa6 19. Rb1 Rb8 20. Nc4 Ba8 21. Rxb8+ Ncxb8 22. Qb2 1/2-1/2

[Event "2BLN 2223 SV Glückauf Rüdersdorf - SK"]
[Site "?"]
[Date "2022.10.22"]
[Round "1.7"]
[White "Meister, Jakob"]
[Black "Steczek, Marcin"]
[Result "0-1"]
[WhiteElo "2441"]
[BlackElo "2356"]
[PlyCount "178"]
[EventDate "2022.??.??"]

1. c4 Nf6 2. Nc3 c5 3. g3 g6 4. Bg2 Bg7 5. Nh3 d6 6. Nf4 a6 7. a3 Nbd7 8. b4 Rb8 9. bxc5 Nxc5 10. Rb1 O-O 11. O-O e5 12. Nfd5 Nxd5 13. Bxd5 Qa5 14. Qc2 Bh3 15. Rd1 Bd7 16. Rb4 b5 17. Qb1 Rbc8 18. cxb5 axb5 19. Nxb5 Na6 20. Rb2 Rc5 21. Bxf7+ Rxf7 22. Nxd6 Qa4 23. Re1 Re7 24. d3 Re6 25. Ne4 Rcc6 26. Rb7 Bc8 27. Rb5 Qc2 28. Qa1 Nc5 29. Nxc5 Rxc5 30. Rb2 Qa4 31. Be3 Rcc6 32. Rb4 Qa5 33. Qa2 Bf8 34. Rbb1 Qxa3 35. Qd5 Qd6 36. Qa5 Re8 37. Rec1 Rxc1+ 38. Rxc1 Be6 39. f3 Qd5 40. Qxd5 Bxd5 41. Kf2 Bd6 42. Rb1 Kf7 43. Rb6 Ke7 44. Rb5 Bc6 45. Rb2 Ra8 46. Rc2 Kd7 47. h4 Ra1 48. Rc1 Ra2 49. Rb1 Ke6 50. Rb6 Kd5 51. Rb1 Ba4 52. Kf1 Bc7 53. Bf2 Kc6 54. Be1 Bd6 55. Bc3 Rc2 56. Bb4 Bc7 57. Ra1 Bb3 58. Be1 Ba2 59. Rd1 Be6 60. g4 h5 61. gxh5 gxh5 62. Bd2 Kd7 63. Be3 Bf5 64. Ra1 Rc6 65. Ra7 Ke6 66. Ra8 Kf7 67. Ra7 Ke6 68. Ra8 Bd6 69. Bg5 Kf7 70. Ra7+ Kg6 71. Ra8 Bc8 72. Ra2 Bc5 73. Kg2 Bd4 74. Kg3 Be6 75. Ra5 Bc3 76. Rb5 Ra6 77. Kf2 Bd7 78. Rb7 Be8 79. Rc7 Bb4 80. Rb7 Bd6 81. Be3 Bc6 82. Rb1 Be7 83. Bg5 Bd6 84. Be3 Kf5 85. Rg1 Be8 86. Rg5+ Ke6 87. Rg1 Ra2 88. Rh1 Bg6 89. Bg5 Bxd3 0-1

[Event "2BLN 2223 SV Glückauf Rüdersdorf - SK"]
[Site "?"]
[Date "2022.10.22"]
[Round "1.8"]
[White "Janaszak, Dawid"]
[Black "Lagunow, Alexander"]
[Result "0-1"]
[WhiteElo "2326"]
[BlackElo "2360"]
[PlyCount "142"]
[EventDate "2022.??.??"]

1. e4 c5 2. Nc3 Nc6 3. Bb5 Nd4 4. Nf3 a6 5. Bd3 g6 6. b4 Nxf3+ 7. Qxf3 cxb4 8. Nd5 Bg7 9. Rb1 e6 10. Ne3 Ne7 11. Bb2 Bxb2 12. Rxb2 Nc6 13. h4 Qe7 14. h5 Rf8 15. O-O b5 16. c3 bxc3 17. dxc3 Qa3 18. Rb3 Qxa2 19. Rfb1 Ne5 20. Qd1 Qa5 21. c4 b4 22. Rxb4 Qc5 23. Bc2 g5 24. h6 Ke7 25. Qd2 f6 26. Ra4 Rg8 27. Ra5 Qc7 28. c5 Rg6 29. Nd5+ exd5 30. exd5 d6 31. Bxg6 Nxg6 32. Rb6 Kf7 33. Rc6 Qb7 34. Rxd6 Qb1+ 35. Kh2 Ne5 36. Rb6 Ng4+ 37. Kg3 Qf5 38. f4 gxf4+ 39. Qxf4 Qxd5 40. Qc7+ Kg6 41. Ra1 Nxh6 42. Rf1 Qg5+ 43. Kh2 Ng4+ 44. Kh1 Qh6+ 45. Kg1 Qe3+ 46. Kh1 Bf5 47. Rb7 Bd7 48. Qf4 Qxf4 49. Rxf4 Ne5 50. Rb6 Bc6 51. Rb3 h5 52. Rg3+ Ng4 53. Rb4 a5 54. Rb6 a4 55. Ra3 Ne5 56. Rb4 Ra5 57. Kg1 Rxc5 58. Ra2 Ng4 59. Kf1 Rc3 60. Ke2 Rg3 61. Kf1 Rb3 62. Rf4 Kg5 63. Rd4 h4 64. Rd8 a3 65. Rd6 Be4 66. Rd4 Rb1+ 67. Ke2 Rb2+ 68. Rd2 Rxa2 69. Rxa2 Bxg2 70. Rxa3 h3 71. Rg3 h2 0-1